Geography Quiz

Random Geography or World Quiz
Score 0/25 Timer 05:00
13 Plays Today
% Correct
2. Atlanta
90.8%
19. Austin
89.4%
13. Amsterdam
87.6%
6. Ankara
82.6%
10. Athens
80.3%
8. Algiers
77.7%
23. Auckland
74.2%
3. Alexandria
72.2%
9. Addis Ababa
70.6%
15. AsunciĆ³n
65.1%
7. Accra
60.7%
5. Amman
58.3%
11. Abuja
52.4%
% Correct
14. Antananarivo
50%
18. Aleppo
46.9%
16. Agra
35.6%
4. Abidjan
34.6%
17. Almaty
31.1%
1. Ahmedabad
30%
20. Adana
12.6%
24. Allahabad
8.9%
25. Angeles
8.6%
12. Anshan
7.9%
21. Aurangabad
5.2%
22. Asansol
3.9%
Remove Ads.
Support Sporcle.
Get the best of Sporcle when you Go Orange. This ad-free experience offers more features, more stats, and more fun while also helping to support Sporcle. Thank you for becoming a member.

You're not logged in!

Compare scores with friends on all Sporcle quizzes.
OR
Log In

Show Comments

Extras

Top Quizzes Today


Score Distribution

Your Account Isn't Verified!

In order to create a playlist on Sporcle, you need to verify the email address you used during registration. Go to your Sporcle Settings to finish the process.

Report this User

Report this user for behavior that violates our Community Guidelines.

Details: